Southville International School and Colleges
Your cart is empty.
  • Cart
  • Lists
    Public lists Eva Luna New books Lux_list list_1
    Your lists Log in to create your own lists
  • Log in to your account
  • Your cookies
  • Search history
Southville International School and Colleges
  • Advanced search
  • Recent comments
  • Most popular
  • Libraries

Log in to your account

Log in with GOOGLE


If you do not have an external account, but do have a local account, you can still log in:

  1. Home
  2. MARC view: Tourism business frontiers :
Normal view MARC view ISBD view

Tourism business frontiers : (Record no. 21624)

[ view plain ]
MARC details
000 -LEADER
fixed length control field 00678nam a2200205 a 4500
003 - CONTROL NUMBER IDENTIFIER
control field PILC
005 - DATE AND TIME OF LATEST TRANSACTION
control field 20160224143917.0
008 - FIXED-LENGTH DATA ELEMENTS--GENERAL INFORMATION
fixed length control field 060901s19uu xx 00 eng d
020 ## - INTERNATIONAL STANDARD BOOK NUMBER
International Standard Book Number 0750663774
050 ## - LIBRARY OF CONGRESS CALL NUMBER
Classification number G 155.A1
Item number .T58954 2006
245 ## - TITLE STATEMENT
Title Tourism business frontiers :
Remainder of title consumers, products and industry /
Statement of responsibility, etc edited by Dimitrios Buhalis and Carlos Costa.
260 ## - PUBLICATION, DISTRIBUTION, ETC. (IMPRINT)
Place of publication, distribution, etc Amsterdam :
Name of publisher, distributor, etc Elseviere Butterworth Heinemann,
Date of publication, distribution, etc 2006.
300 ## - PHYSICAL DESCRIPTION
Extent 273 pages :
Other physical details illustrations ;
Dimensions 24 cm.
500 ## - GENERAL NOTE
General note Includes bibliographical references and index.
650 ## - SUBJECT ADDED ENTRY--TOPICAL TERM
Topical term or geographic name as entry element Tourism.
650 ## - SUBJECT ADDED ENTRY--TOPICAL TERM
Topical term or geographic name as entry element Tourism
General subdivision Forecasting.
700 ## - ADDED ENTRY--PERSONAL NAME
Personal name Costa, Carlos.
942 ## - ADDED ENTRY ELEMENTS (KOHA)
Koha item type Books
Source of classification or shelving scheme Library of Congress Classification
Call number prefix Foreign
Holdings
Withdrawn status Lost status Source of classification or shelving scheme Damaged status Home library Current library Shelving location Date acquired Source of acquisition Total Checkouts Full call number Barcode Date last seen Copy number Price effective from Koha item type
    Library of Congress Classification   College Library College Library General Circulation Section 07/21/2010 Library Fund   G 155.A1 .T58954 2006 C7586 05/15/2018 1 10/10/2013 Books

Tourism business frontiers :

APA

Costa C., . (2006). Tourism business frontiers. Amsterdam: Elseviere Butterworth Heinemann.

Chicago

Costa Carlos, . 2006. Tourism business frontiers. Amsterdam: Elseviere Butterworth Heinemann.

Harvard

Costa C., . (2006). Tourism business frontiers. Amsterdam: Elseviere Butterworth Heinemann.

MLA

Costa Carlos, . Tourism business frontiers. Amsterdam: Elseviere Butterworth Heinemann. 2006.

  • Place hold
  • Print
  • Cite
  • Add to your cart (remove)
  • Save record
    BIBTEX Dublin Core MARCXML MARC (non-Unicode/MARC-8) MARC (Unicode/UTF-8) MARC (Unicode/UTF-8, Standard) MODS (XML) RIS
  • More searches
    Search for this title in:
    Other Libraries (WorldCat) Other Databases (Google Scholar) Online Stores (Bookfinder.com) Open Library (openlibrary.org)

Exporting to Dublin Core...

SOUTHVILLE LIBRARY

Southville International School and Colleges Library

1281 Tropical Ave. Cor. Luxembourg St., BF Homes International, Las Pinas City

Tel. No. 8256374 / 252358 Loc. 117/146

Powered by Koha